| 000 | 00979nam a2200229Ia 4500 | ||
|---|---|---|---|
| 999 |
_c35985 _d35985 |
||
| 001 | 1884 | ||
| 003 | GE_BSU | ||
| 005 | 20221007150153.0 | ||
| 008 | 181216s2007ru xx |||||||||||||| ||rus|| | ||
| 020 | _a9785468000960 | ||
| 040 | _cGE_BSU | ||
| 041 | _arus | ||
| 080 | _a342.4(100)(075.8) Е-61 | ||
| 100 |
_aЕнгибарян, Р. В. _915148 |
||
| 245 |
_aКонституционное развитие в современном мире. Основные тенденции / _cР.В. Енгибарян. |
||
| 264 |
_aМосква : _bНорма, _c2007. |
||
| 300 |
_a496 с. : _b21см. |
||
| 653 | _aКонституционное развитие в современном мире. | ||
| 653 | _aკონსტიტუციური განვითარება თანამედროვე მსოფლიოში. ძირითადი ტენდენციები | ||
| 653 | _aსამართალი | ||
| 942 |
_cBK _2udc |
||